LEADER 00932nam0-2200301 --450 001 9910219248503321 005 20171011100643.0 010 $a978-88-230-2000-9$bEdiesse 020 $aIT$b2016-4982 100 $a20171011d2015----kmuy0itay5050 ba 101 $aita 102 $aIT 105 $a 001yy 200 1 $a<>itinerario di Bruno Trentin$earchivi, immagini, bibliografia$fa cura di Sante Cruciani e Ilaria Romeo$gprefazione di Iginio Ariemma 210 $aRoma$cEdiesse$cFondazione Giuseppe Di Vittorio$d2015 215 $a178 p.$d21 cm 610 0 $aTrentin, Bruno 676 $a331.88092$v23 702 1$aCruciani,$bSante 702 1$aRomeo,$bIlaria 702 1$aAriemma,$bIginio 801 0$aIT$bUNINA$gREICAT$2UNIMARC 901 0$aBK 912 $a9910219248503321 952 0$aFondo Senato 45$b1267/2017$fFSPBC 959 0$aFSPBC 996 $aItinerario di Bruno Trentin$91397522 997 $aUNINA LEADER 01294nam--2200397---450 001 990001366780203316 005 20210723151740.0 035 $a000136678 035 $aUSA01000136678 035 $a(ALEPH)000136678USA01 035 $a000136678 100 $a20040126d1966----km-y0itay0103----ba 101 0 $aspa 102 $aES 105 $a||||||||001yy 200 1 $a<> cultura hispano-italiana de los jesuitas expulsos$eespanoles-hispanoamericanos-filipinos, 1767-1814$fMiguel Batllori 210 $aMadrid$cGredos$d1966 215 $a698 p.$d21 cm. 225 2 $aBiblioteca romanica hispanica$iEstudios y ensayos$v98 410 0$12001$aBiblioteca romanica hispanica$iEstudios y ensayos$v98 454 1$12001 461 1$1001-------$12001 676 $a255.5300946 700 1$aBATLLORI,$bMiguel$0168708 801 0$aIT$bsalbc$gISBD 912 $a990001366780203316 951 $aVI.5. Coll.6/ 91(II sp C 1/98)$b28316 L.M.$cIIsp C 951 $aVI.7.B. 1954$bISLA$cVI.7$d543217 959 $aBK 969 $aUMA 969 $aISLA 979 $aSIAV4$b10$c20040126$lUSA01$h0955 979 $aPATRY$b90$c20040406$lUSA01$h1736 979 $aCOPAT6$b90$c20050623$lUSA01$h1520 996 $aCultura Hispano-Italiana de los Jesuitas expulsos$9519524 997 $aUNISA